| 000 | 004310000a22001810004500 | ||
|---|---|---|---|
| 003 | MACL | ||
| 005 | 20151023104029.0 | ||
| 008 | 151023b xxu||||| |||| 00| 0 eng d | ||
| 040 |
_aMACL _cMACL |
||
| 041 | _aEnglish | ||
| 082 | _a954/MIT | ||
| 100 |
_aMitra, Rathin _916324 |
||
| 245 | _aCalcutta Then And Now | ||
| 260 |
_bAnanda Publishers _c1991 _aCalcutta |
||
| 350 | _a50 | ||
| 650 |
_aHistory _916325 |
||
| 942 |
_cBK _k954 _2ddc |
||
| 999 |
_c4597 _d4597 |
||